En Yakın Altı Ülke - Küba - Statistics

General Stats
  • This quiz has been taken 82 times
  • The average score is 2 of 6
Answer Stats
km ülke % Correct
85 Haiti
72%
146 Jamaika
52%
255 Dominik Cumhuriyeti
48%
89 Bahamalar
33%
197 Meksika
28%
149 Birleşik Devletleri
2%
No matching quizzes found
Score Distribution
Percent of People with Each Score
Percentile by Number Answered
Your Score History
You have not taken this quiz